Classic portrait painting in oils : (Record no. 19599)
[ view plain ]
| 000 -LEADER | |
|---|---|
| fixed length control field | 01797cam a22003375i 4500 |
| 001 - CONTROL NUMBER | |
| control field | 17415239 |
| 003 - CONTROL NUMBER IDENTIFIER | |
| control field | EG-ScBUE |
| 005 - DATE AND TIME OF LATEST TRANSACTION | |
| control field | 20230111123552.0 |
| 008 - FIXED-LENGTH DATA ELEMENTS--GENERAL INFORMATION | |
| fixed length control field | 120803t2012 ohuaco f 001 0 eng d |
| 020 ## - INTERNATIONAL STANDARD BOOK NUMBER | |
| International Standard Book Number | 9781440310614 |
| 020 ## - INTERNATIONAL STANDARD BOOK NUMBER | |
| International Standard Book Number | 1440310610 |
| 040 ## - CATALOGING SOURCE | |
| Original cataloging agency | DLC |
| Language of cataloging | eng |
| Description conventions | rda |
| Transcribing agency | DLC |
| Modifying agency | DLC |
| -- | EG-ScBUE |
| 082 04 - DEWEY DECIMAL CLASSIFICATION NUMBER | |
| Edition number | 22 |
| Classification number | 751.4542 |
| Item number | SAP |
| 100 1# - MAIN ENTRY--PERSONAL NAME | |
| Personal name | Saper, Chris, |
| Dates associated with a name | 1952- |
| Relator term | author. |
| 9 (RLIN) | 38154 |
| 245 10 - TITLE STATEMENT | |
| Title | Classic portrait painting in oils : |
| Remainder of title | keys to mastering diverse skin tones / |
| Statement of responsibility, etc | Chris Saper. |
| 250 ## - EDITION STATEMENT | |
| Edition statement | First edition. |
| 264 #1 - PUBLICATION, DISTRIBUTION, ETC. (IMPRINT) | |
| Place of publication, distribution, etc | Blue Ash, OH : |
| Name of publisher, distributor, etc | North Light Books, |
| Date of publication, distribution, etc | [2012] |
| 264 #4 - PUBLICATION, DISTRIBUTION, ETC. (IMPRINT) | |
| Date of publication, distribution, etc | c2012 |
| 300 ## - PHYSICAL DESCRIPTION | |
| Extent | 143 pages : |
| Other physical details | photographs, portraits, tables ; |
| Dimensions | 28 cm |
| 336 ## - CONTENT TYPE | |
| Source | rdacontent |
| Content type term | text |
| Content type code | txt |
| 337 ## - MEDIA TYPE | |
| Source | rdamedia |
| Media type term | unmediated |
| Media type code | n |
| 338 ## - CARRIER TYPE | |
| Source | rdacarrier |
| Carrier type term | volume |
| Carrier type code | nc |
| 500 ## - GENERAL NOTE | |
| General note | Includes index.<br/> |
| 520 ## - SUMMARY, ETC. | |
| Summary, etc | No medium competes with oil in the world of portrait painting, and oil is best used to demonstrate principles of skin tones. In Chris Saper's second portrait book for North Light, readers will learn to incorporate life studies to improve accuracy in seeing and recording skin tones. Readers will enjoy two demonstrations for each of seven diverse subjects--one from life, and one from a finished portrait from photographs. Readers will enjoy rendering skin tones in oil as they are shown information on palette selection and materials; lighting and posing the model; the live sitting; the photographic sitting; and mini exercises on specific facial features. Includes all-new art, new information on photography, new step-by-step demonstrations and more. |
| 650 #7 - SUBJECT ADDED ENTRY--TOPICAL TERM | |
| Topical term or geographic name as entry element | Figure painting |
| General subdivision | Technique. |
| Source of heading or term | BUEsh |
| 650 #7 - SUBJECT ADDED ENTRY--TOPICAL TERM | |
| Topical term or geographic name as entry element | Human skin color. |
| Source of heading or term | BUEsh |
| 651 ## - SUBJECT ADDED ENTRY--GEOGRAPHIC NAME | |
| Source of heading or term | BUEsh |
| 653 ## - INDEX TERM--UNCONTROLLED | |
| Resource For college | Communication and mass media |
| Arrived date list | June2015 |
| 655 ## - INDEX TERM--GENRE/FORM | |
| Form subdivision | Reading book |
| 942 ## - ADDED ENTRY ELEMENTS (KOHA) | |
| Source of classification or shelving scheme | Dewey Decimal Classification |
| Call number prefix | 751.4542 SAP |
| Koha item type | Book - Borrowing |
| Withdrawn status | Lost status | Source of classification or shelving scheme | Damaged status | Not for loan | Collection code | Home library | Current library | Shelving location | Date acquired | Source of acquisition | Cost, normal purchase price | Serial Enumeration / chronology | Total Checkouts | Total Renewals | Full call number | Barcode | Date last seen | Date checked out | Cost, replacement price | Koha item type |
|---|---|---|---|---|---|---|---|---|---|---|---|---|---|---|---|---|---|---|---|---|
| Dewey Decimal Classification | Alahram | Central Library | Central Library | Second Floor | 11/06/2015 | 219.00 | 434 | 2 | 9 | 751.4542 SAP | 000038518 | 15/07/2025 | 13/05/2025 | 273.75 | Book - Borrowing |